Páramos inconmensurables /

محفوظ في:
التفاصيل البيبلوغرافية
المؤلف الرئيسي: Morán, María (autor)
التنسيق: كتاب
اللغة:الإسبانية
منشور في: Bogotá, Colombia : Universidad Nacional de Colombia, Facultad de Artes, 2012, c2012
سلاسل:(Academia en Movimiento ; 3)
الموضوعات:
الوسوم: إضافة وسم
لا توجد وسوم, كن أول من يضع وسما على هذه التسجيلة!

MARC

LEADER 00000nam^a2200000^a^4500
001 000338789
005 20250521000000.0
008 140221 20122012
009 20260310114407.191
020 |a 978-958-761-294-3 
037 |a Acervo ITESO - Biblioteca 
041 |a ESP 
082 |a 709.  |b ACA V. 4 
100 |a Morán, María  |e (autor) 
245 1 0 |a Páramos inconmensurables /  |c G.E. Merino. 
264 4 |a Bogotá, Colombia :  |b Universidad Nacional de Colombia, Facultad de Artes,  |c 2012, c2012 
300 |a 105 p. 
336 |a texto  |b txt  |2 rdacontenido 
337 |a sin mediación  |b n  |2 rdamedio 
338 |a volumen  |b nc  |2 rdasoporte 
440 1 |a (Academia en Movimiento ;  |v 3) 
649 |a XX 
650 |a Pintores Colombianos 
650 |a Fotógrafos Colombianos 
650 |a Artistas Colombianos 
650 |a Mujeres Colombianas 
650 |a Thangkas -  |x Tema Principal 
650 |a Thangkas -  |x Historia y Crítica 
650 |a Tormas -  |x Tema Principal 
650 |a Tormas -  |x Historia y Crítica 
650 |a Tantrismo -  |z Tíbet 
650 |a Arte Tibetano -  |x Historia y Crítica 
650 |a Fotografía Antropológica -  |z Tíbet 
650 |a Fotografía Colombiana -  |y Siglo XXI 
650 |a Arte Colombiano -  |y Siglo XXI 
650 |a Arte Tibetano -  |x Tema Principal 
650 |a Arte Tibetano -  |x Historia y Crítica 
650 |a Antropología Cultural 
650 |a Tíbet -  |x Fotografías 
910 |a Fondo General 
920 |a Impresos - Libros 
930 |a Colección General 
905 |a 101 
901 |a 0500228726  |b IT1  |c ACC  |i C138815  |u 20250521 
902 |a https://opac.biblio.iteso.mx/vufind/Record/000338789